000 01542nam a2200457 i 4500
001 18980
003 KOSZ 005
005 20240405063027.0
008 000320s1979 pl a |000 0 pol
015 _aPB 1980/2328
020 _a8301009535
040 _aWA N
_cWA N
_dKOSZ 005/HR
041 0 _apol
046 _k1979
080 _a502/504
080 _a338.2(100)"19"
080 _a339.9(100)"19"
080 _a(075.8)
100 1 _aBartkowski, Tadeusz
_d(1920-1992)
_eAutor
245 1 0 _aKształtowanie i ochrona środowiska /
_cTadeusz Bartkowski.
250 _a[Wyd. 4 zm.].
260 _aWarszawa :
_bPaństwowe Wydawnictwo Naukowe,
_c1979.
300 _a453, [2] s., [1] k. tabl. :
_bil., mapy, tab., wykr. ;
_c25 cm.
336 _2rdacontent
_aTekst
_btxt
337 _2rdamedia
_aBez urządzenia pośredniczącego
_bn
338 _2rdacarrier
_aWolumin
_bnc
380 _aKsiążki
388 _a1901-2000
388 _a1989-2000
500 _aWyd. poprz. pt. : Ochrona zasobów przyrody i zagospodarowania środowiska geograficznego.
504 _aBibliogr. s. 450-[454].
648 4 _a1901-2000
650 4 _aGospodarka
650 4 _aOchrona środowiska
655 4 _aPodręczniki akademickie
658 _aGospodarka, ekonomia, finanse
658 _aOchrona środowiska
710 _aPaństwowe Wydawnictwo Naukowe
_4pbl
856 _uhttp://koha.tu.koszalin.pl/cgi-bin/koha/opac-detail.pl?biblionumber=18980
_yKatalog online BPK
942 _2UKD
_cKS
999 _c18980
_d18980